Figure Out The Lyrics (Grease) Quiz Stats

 Plays Quiz Updated Jan 18, 2015

Also try: Grease Actors
Challenge
Share
Tweet
Embed
Score 0/152 Timer 07:00
2 Plays Today
% Correct
I
94.9%
I
94.9%
I
94.9%
I
94.9%
I
94.9%
I
94.9%
I
94.9%
I
94.9%
I
94.9%
I
94.9%
I
94.9%
a
91.2%
a
91.2%
a
91.2%
a
91.1%
A
91.1%
the
89.1%
the
89.1%
the
89.1%
you
86.9%
you,
86.9%
go
75.9%
to
74.1%
to
74.1%
we
73.4%
be
72.7%
and
70%
and
70%
and
70%
and
70%
and
70%
me,
68.5%
do,
67.4%
do.
67.4%
do.
67.4%
do.
67.4%
on
66.7%
are
66.6%
are
66.6%
in
60.5%
that
60.1%
it
58.7%
it
58.7%
There
58.1%
there
58.1%
could
57%
could
57%
could
57%
could
57%
could
57%
could
57%
% Correct
can
57%
could
57%
can
57%
no
54.7%
my
54.5%
my
54.5%
for
54.1%
thing
54.1%
thing
54.1%
with
54%
with
54%
of
52.4%
of
52.4%
boy
51.8%
when
51.2%
or
51.1%
or
51.1%
they
50.8%
at
49.6%
things
48.7%
things
48.7%
all
47.4%
two.
46.9%
but
46.5%
but
46.5%
But
46.5%
like
45.6%
see
43.9%
worse
43.8%
worse
43.8%
night,
43.5%
then
42.1%
them
42%
them
42%
them
42%
I'm
41.9%
than
41.8%
never
40.8%
never
40.8%
out
40.1%
That's
38.9%
that's
38.9%
every
38.9%
every
38.9%
day,
38.7%
think
37.9%
worst
37.2%
won't
36.5%
dance,
36.3%
I'd
36%
don't
35.9%
% Correct
don't
35.9%
guys,
35.7%
cry.
34.9%
cry
34.9%
make
34.2%
stay
34%
Right.
33.6%
eyes,
33.5%
around
33.2%
flirt
33%
wait
31.9%
Take
31.8%
true,
31.7%
true.
31.7%
Mr
31.4%
bat
31.1%
front
30.9%
come
30.8%
good,
30.6%
home
30.4%
life
30%
away,
29.9%
dream
29.5%
feel
29.4%
chance,
29.4%
bet
28.9%
I'll
28.6%
smile
27.9%
though
27.5%
through.
27.5%
lie,
27.5%
stand
27.4%
knew.
27%
someone
27%
cold
26.4%
Even
25.9%
hurt
25.7%
showers
25.7%
trashy,
24.9%
against
24.5%
spite
24.3%
throw
24.3%
neighbourhood
24.2%
thinks
24.2%
press
23.6%
jealousy.
23.1%
steal
23%
refuse
22.9%
suppose
22.4%
fact
20.1%

You're not logged in!

Compare scores with friends on all Sporcle quizzes.
OR
Log In

You Might Also Like...

Show Comments

Extras

Top Quizzes Today


Score Distribution

Your Account Isn't Verified!

In order to create a playlist on Sporcle, you need to verify the email address you used during registration. Go to your Sporcle Settings to finish the process.

Report this User

Report this user for behavior that violates our Community Guidelines.

Details: